Coupe du Monde 2018 - Un Joueur par équipe - Statistiques

Statistiques générales
  • Ce quiz a été pris 632 fois
  • Le résultat moyen est 25 sur 32
Statistiques - réponses
Hint Réponse % Correct
Raheem Sterling Angleterre
93%
Luka Modrić Croatie
93%
Ousmane Dembélé France
93%
Kevin De Bruyne Belgique
92%
Marquinhos Brésil
92%
Robert Lewandowski Pologne
92%
Son Heung-min Corée du Sud
91%
Mohamed Salah Egypte
91%
Christian Eriksen Danemark
90%
Julian Draxler Allemagne
89%
Yann Sommer Suisse
88%
Yassine Bounou Maroc
87%
Radamel Falcao Colombie
85%
César Azpilicueta Espagne
82%
Shinji Okazaki Japon
82%
Aleksandr Golovin Russie
82%
Giovani Lo Celso Argentine
81%
Wahbi Khazri Tunisie
80%
Diego Godín Uruguay
80%
Raphaël Guerreiro Portugal
79%
Ismaïla Sarr Sénégal
79%
Vladimir Stojković Serbie
78%
Sebastian Larsson Suède
76%
Taisir Al-Jassim Arabie Saoudite
74%
Björn Bergmann Sigurðarson Islande
72%
Mathew Leckie Australie
68%
Ahmed Musa Nigeria
63%
Masoud Shojaei Iran
57%
Jonathan dos Santos Mexique
51%
Paolo Guerrero Pérou
41%
Joel Campbell Costa Rica
35%
Blas Pérez Panama
34%
Aucun quiz correspondant
Distribution des résultats
% des personnes avec chaque résultat
Percentile par nombre de réponses
Votre historique - résultats
Vous n’avez pas pris ce quiz